000 00403nam a2200145 i 4500
001 24928
003 ES-MaACL
005 20230906153149.0
007 t|
008 021219s1972 sp ||||1| spa d
245 0 0 _aAntología quince poetas vallisoletanos.
260 _aValladolid :
_bAyuntamiento de Valladolid,
_c1972.
300 _a526 p., 12 lám. ;
_c25 cm.
852 _aES-MaACL
_jC-48232
_bR.85004
999 _c24928
_d24928